Actors who worked with Ti West - Statistics

General Stats
  • This quiz has been taken 4 times
  • The average score is 28 of 50
Answer Stats
Hint Answer % Correct
X Brittany Snow
100%
Pearl David Corenswet
100%
MaXXXine Halsey
100%
X Jenna Ortega
100%
MaXXXine Kevin Bacon
100%
X Kid Cudi
100%
Pearl, X, MaXXXine Mia Goth
100%
MaXXXine Sophie Thatcher
100%
The House of the Devil, The Sacrament AJ Bowen
50%
Cabin Fever 2: Spring Fever Alexi Wasser
50%
Pearl Alistair Sewell
50%
Pearl Amelia Reid
50%
The Sacrament Amy Seimetz
50%
MaXXXine Bobby Cannavale
50%
In a Valley of Violence Burn Gorman
50%
The House of the Devil Dee Wallace
50%
MaXXXine Elizabeth Debicki
50%
Pearl Emma Jenkins-Purro
50%
In a Valley of Violence Ethan Hawke
50%
The Sacrament Gene Jones
50%
MaXXXine Giancarlo Esposito
50%
The House of the Devil Greta Gerwig
50%
The Innkeepers Jake Ryan
50%
In a Valley of Violence James Ransone
50%
The House of the Devil Jocelin Donahue
50%
The Sacrament, Cabin Fever 2: Spring Fever Joe Swanberg
50%
In a Valley of Violence John Travolta
50%
In a Valley of Violence Karen Gillan
50%
The Roost Karl Jacob
50%
The Sacrament Kate Forbes
50%
The Innkeepers Kelly McGillis
50%
The Sacrament Kentucker Audley
50%
The Innkeepers Lena Dunham
50%
MaXXXine Lily Collins
50%
Cabin Fever 2: Spring Fever Lindsey Axelsson
50%
X Martin Henderson
50%
The House of the Devil Mary Woronov
50%
Pearl Matthew Sunderland
50%
MaXXXine Michelle Monaghan
50%
Cabin Fever 2: Spring Fever Noah Segan
50%
X Owen Campbell
50%
The Innkeepers Pat Healy
50%
The Innkeepers Sara Paxton
50%
The Roost Sean Reid
50%
In a Valley of Violence Taissa Farmiga
50%
Pearl Tandi Wright
50%
The House of the Devil Tom Noonan
50%
The Roost Vanessa Horneff
50%
MaXXXine Moses Sumney
0%
Cabin Fever 2: Spring Fever Rider Strong
0%
No matching quizzes found
Score Distribution
Percent of People with Each Score
Percentile by Number Answered
Your Score History
You have not taken this quiz